Green book /

When Tony Lip, a bouncer from an Italian-American neighborhood in the Bronx, is hired to drive Dr. Don Shirley, a world-class Black pianist, on a concert tour from Manhattan to the Deep South, they must rely on a book to guide them to the few establishments that were then safe for African-Americans....

Full description

Bibliographic Details
Corporate Author: Universal Pictures Home Entertainment (Firm)
Other Authors: Farrelly, Peter (Screenwriter), Vallelonga, Nick (Screenwriter), Currie, Brian, 1961- (Screenwriter), Mortensen, Viggo, 1958- (Actor), Ali, Mahershala, 1974- (Actor), Cardellini, Linda, 1975- (Actor), Maniscalco, Sebastian (Actor), Marinov, Dimiter D., 1964- (Actor), Hatton, Mike, 1978- (Actor), Lewis, Von, 1987- (Actor), Stark, Don, 1954- (Actor), Porter, Sean (director of photography.), Bowers, Kris, 1989- (composer (expression))
Format: Video Blu-ray Disc
Language:English
Language Notes:English or French dialogue; French or Spanish subtitles; English subtitles for the deaf and hard-of-hearing (SDH); English descriptive audio track for people with visual disabilities (DVS).
Published: Universal City, CA : Universal Pictures Home Entertainment, [2019]
Subjects:

MARC

Tag First Indicator Second Indicator Subfields
LEADER 00000cgm a2200000Ii 4500
001 in00004058629
005 20200912063143.0
007 vd csaizq
008 190128p20192018cau130 e vleng d
024 1 |a 191329091739  |q (Blu-ray + DVD combo) 
024 1 |a 191329099742  |q (Blu-ray + 4K UHD combo) 
028 0 2 |a 62201231  |b Universal Pictures Home Entertainment  |q (container) 
028 0 2 |a 2109998  |b Universal Pictures Home Entertainment  |q (container) 
028 0 2 |a 1065443  |b Universal Pictures Home Entertainment  |q (disc) 
028 0 2 |a 2109996  |b Universal Pictures Home Entertainment  |q (disc) 
035 |a (OCoLC)on1083529119 
035 |a (OCoLC)1083529119 
040 |a JCH  |b eng  |e rda  |c JCH  |d TEF  |d DV1  |d GO6  |d OJ4  |d GO6  |d OCLCF  |d INO  |d JQM  |d JUH  |d WSD  |d VP@  |d TEFMT  |d TXA  |d UtOrBLW 
049 |a TXAM 
050 4 |a PN1997.2  |b .G7446 2019 
082 0 4 |a 791.43/72  |2 23 
090 |a PN1997.2  |b .G7375 2019b 
245 0 0 |a Green book /  |c directed by Peter Farrelly ; written by Nick Vallelonga, Brian Currie, Peter Farrelly ; produced by Jim Burke, Charles B. Wessler, Brian Currie, Peter Farrelly, Nick Vallelonga ; a Participant Media/Dreamworks Pictures presentation ; a Charles B. Wessler/Innisfree Pictures production in association with Cinetic Media ; a Peter Farrelly film. 
246 3 |a Greenbook 
257 |a United States  |2 naf 
264 1 |a Universal City, CA :  |b Universal Pictures Home Entertainment,  |c [2019] 
300 |a 1 videodisc (2 hr., 10 min.) :  |b sound, color ;  |c 4 3/4 in. 
336 |a two-dimensional moving image  |b tdi  |2 rdacontent 
337 |a video  |b v  |2 rdamedia 
338 |a videodisc  |b vd  |2 rdacarrier 
344 |a digital  |2 rdatr 
344 |b optical  |2 rdarm 
344 |g surround  |2 rdacpc 
344 |h Dolby Atmos  |h DTS digital surround 5.1 
347 |a video file  |2 rdaft 
347 |b Blu-ray 
538 |a Blu-ray; 1080p High-Definition; Dolby Atmos (English), DTS Digital surround 5.1 (French), Dolby Digital 2.0 (English descriptive audio track); requires Blu-ray player. 
546 |a English or French dialogue; French or Spanish subtitles; English subtitles for the deaf and hard-of-hearing (SDH); English descriptive audio track for people with visual disabilities (DVS). 
511 1 |a Viggo Mortensen, Mahershala Ali, Linda Cardellini, Sebastian Maniscalco, Dimiter D. Marinov, Mike Hatton, Von Lewis, Don Stark. 
508 |a Director of photography, Sean Porter ; editor, Patrick J. Don Vito ; music, Kris Bowers. 
500 |a Originally released as a motion picture in 2018. 
500 |a Also released as part of a Blu-ray/DVD combo pack and as part of a Blu-ray/4K UHD combo pack. 
521 8 |a MPAA rating: PG-13; for thematic content, language including racial epithets, smoking, some violence and suggestive material. 
520 |a When Tony Lip, a bouncer from an Italian-American neighborhood in the Bronx, is hired to drive Dr. Don Shirley, a world-class Black pianist, on a concert tour from Manhattan to the Deep South, they must rely on a book to guide them to the few establishments that were then safe for African-Americans. Confronted with racism, danger, as well as unexpected humanity and humor, they are forced to set aside differences to survive and thrive on the journey of a lifetime. 
500 |a Special features: Virtuoso performances; An unforgettable friendship; Going beyond the green book. 
586 |a Academy Awards, 2019: Best motion picture; Best supporting actor (Ali); best screenplay. 
600 1 0 |a Shirley, Don,  |d 1927-2013  |v Drama. 
650 0 |a Motor vehicle drivers  |v Drama. 
650 0 |a African American entertainers  |v Drama. 
650 0 |a African American musicians  |v Drama. 
650 0 |a African American composers  |v Drama. 
650 0 |a Pianists  |z United States  |v Drama. 
650 0 |a Racism  |z United States  |v Drama. 
650 7 |a African American entertainers.  |2 fast  |0 (OCoLC)fst00799146 
650 7 |a Motor vehicle drivers.  |2 fast  |0 (OCoLC)fst01027647 
650 7 |a Racism.  |2 fast  |0 (OCoLC)fst01086616 
655 7 |a Drama.  |2 fast  |0 (OCoLC)fst01423879 
655 7 |a Feature films.  |2 fast  |0 (OCoLC)fst01710384 
655 7 |a Video recordings for people with visual disabilities.  |2 fast  |0 (OCoLC)fst01710451 
655 7 |a Video recordings for the hearing impaired.  |2 fast  |0 (OCoLC)fst01710450 
655 7 |a Biographical films.  |2 lcgft  |0 http://id.loc.gov/authorities/genreForms/gf2011026089 
655 7 |a Historical films.  |2 lcgft  |0 http://id.loc.gov/authorities/genreForms/gf2011026311 
655 7 |a Road films.  |2 lcgft  |0 http://id.loc.gov/authorities/genreForms/gf2011026535 
655 7 |a Comedy films.  |2 lcgft  |0 http://id.loc.gov/authorities/genreForms/gf2011026147 
655 7 |a Buddy films.  |2 lcgft  |0 http://id.loc.gov/authorities/genreForms/gf2011026101 
655 7 |a Feature films.  |2 lcgft  |0 http://id.loc.gov/authorities/genreForms/gf2011026247 
655 7 |a Fiction films.  |2 lcgft  |0 http://id.loc.gov/authorities/genreForms/gf2011026250 
655 7 |a Video recordings for the hearing impaired.  |2 lcgft  |0 http://id.loc.gov/authorities/genreForms/gf2011026725 
655 7 |a Video recordings for people with visual disabilities.  |2 lcgft  |0 http://id.loc.gov/authorities/genreForms/gf2011026724 
700 1 |a Farrelly, Peter,  |e film director,  |e screenwriter,  |e film producer. 
700 1 |a Vallelonga, Nick,  |e screenwriter,  |e film producer.  |0 http://id.loc.gov/authorities/names/no2010160374 
700 1 |a Currie, Brian,  |d 1961-  |e screenwriter,  |e film producer.  |0 http://id.loc.gov/authorities/names/no2019036537 
700 1 |a Burke, Jim  |c (Producer),  |e film producer.  |0 http://id.loc.gov/authorities/names/no2015090047 
700 1 |a Wessler, Charles B.,  |e film producer.  |0 http://id.loc.gov/authorities/names/no2005012163 
700 1 |a Mortensen, Viggo,  |d 1958-  |e actor.  |0 http://id.loc.gov/authorities/names/nr99025465 
700 1 |a Ali, Mahershala,  |d 1974-  |e actor.  |0 http://id.loc.gov/authorities/names/no2009114724 
700 1 |a Cardellini, Linda,  |d 1975-  |e actor.  |0 http://id.loc.gov/authorities/names/nr2002000980 
700 1 |a Maniscalco, Sebastian,  |e actor.  |0 http://id.loc.gov/authorities/names/no2018025532 
700 1 |a Marinov, Dimiter D.,  |d 1964-  |e actor.  |0 http://id.loc.gov/authorities/names/no2019036817 
700 1 |a Hatton, Mike,  |d 1978-  |e actor.  |0 http://id.loc.gov/authorities/names/no2019036539 
700 1 |a Lewis, Von,  |d 1987-  |e actor.  |0 http://id.loc.gov/authorities/names/no2019037550 
700 1 |a Stark, Don,  |d 1954-  |e actor.  |0 http://id.loc.gov/authorities/names/no2011159912 
700 1 |a Porter, Sean,  |e director of photography.  |0 http://id.loc.gov/authorities/names/no2010180447 
700 1 |a Bowers, Kris,  |d 1989-  |e composer (expression)  |0 http://id.loc.gov/authorities/names/no2012119538 
710 2 |a Participant Media,  |e production company.  |0 http://id.loc.gov/authorities/names/no2009115057 
710 2 |a DreamWorks Pictures (1994-2006)  |e production company.  |0 http://id.loc.gov/authorities/names/no98086629 
710 2 |a Innisfree Pictures (Firm),  |e production company. 
710 2 |a Cinetic Media (Firm),  |e production company.  |0 http://id.loc.gov/authorities/names/no2007068599 
710 2 |a Universal Pictures Home Entertainment (Firm)  |0 http://id.loc.gov/authorities/names/no2016104677 
730 0 2 |i Container of (work):  |a Green book (Motion picture)  |0 http://id.loc.gov/authorities/names/no2019064247 
730 0 2 |i Container of (expression):  |a Green book (Motion picture).  |l French. 
994 |a C0  |b TXA 
948 |a cataloged  |b h  |c 2019/04/03  |d c  |e blrosas  |f 12:52:58 pm 
999 f f |s 111c4d15-6c26-3956-8d5b-049e3c3c1e31  |i fd401fba-8e3a-38af-93c4-0b0e14e827ae  |t 0 
952 f f |p bluray  |a Texas A&M University  |b College Station  |c Sterling C. Evans Library  |d Evans: Media and Reserves (Annex 1st floor)  |t 0  |e PN1997.2 .G7375 2019b  |h Library of Congress classification  |i video -- videodisc  |m A14850691693 
998 f f |a PN1997.2 .G7375 2019b  |t 0  |l Evans: Media and Reserves (Annex 1st floor)